000
00354nam a22001577a 4500
005
20160623100735.0
008
160623b xxu||||| |||| 00| 0 eng d
020
_a
140532029-X
041
_a
eng
082
_b
9268
245
_a
Illstrated Oxford Dictionary
260
_b
Dorly and Oxford
300
_a
1007
650
_a
Management
_9
241
942
_c
BK
999
_c
3628
_d
3627